00419nam a22001337a 4500003000500000038001800005082000800023100001800031245008000049264003500129650003100164700003200195856005800227NUST aNusrat Nadeem a200 aShafiq, Usman aContinuous Tracking Regain in Visual SLAM Failure Scenario/c Usman Shafiq, aIslamabad:bSEECS NUST.c2026. aMS-Electrical Engineering  aSupervisor: Dr. Latif Anjum u http://10.250.8.41:8080/xmlui/handle/123456789/57145